002950000a220007300045001000026000002450129000263000052001557730014002071 aRedacción Cambio 1610aQuién conspira contra Colombia : La DEA, la CIA, los narcos, la derecha : Todos pescan en las tensas relaciones con EE.UU. aVol. 58, Num. 58 (Julio, 1994), Páginas 14-180 tCambio 16